Archaeology and the religions of Canaan and Israel (Record no. 8146)
[ view plain ]
| 000 -LEADER | |
|---|---|
| fixed length control field | 01495nam a22003854a 4500 |
| 001 - CONTROL NUMBER | |
| control field | ebr10022945 |
| 003 - CONTROL NUMBER IDENTIFIER | |
| control field | CaPaEBR |
| 006 - FIXED-LENGTH DATA ELEMENTS--ADDITIONAL MATERIAL CHARACTERISTICS--GENERAL INFORMATION | |
| fixed length control field | m u |
| 007 - PHYSICAL DESCRIPTION FIXED FIELD--GENERAL INFORMATION | |
| fixed length control field | cr cn||||||||| |
| 008 - FIXED-LENGTH DATA ELEMENTS--GENERAL INFORMATION | |
| fixed length control field | 010530s2001 maub sb 001 0 eng |
| 010 ## - LIBRARY OF CONGRESS CONTROL NUMBER | |
| Canceled/invalid LC control number | 2001003237 |
| 020 ## - INTERNATIONAL STANDARD BOOK NUMBER | |
| Cancelled/invalid ISBN | 089757057X |
| 040 ## - CATALOGING SOURCE | |
| Original cataloging agency | CaPaEBR |
| Transcribing agency | CaPaEBR |
| 035 ## - SYSTEM CONTROL NUMBER | |
| System control number | (OCoLC)70767433 |
| 050 14 - LIBRARY OF CONGRESS CALL NUMBER | |
| Classification number | DS111.7 |
| Item number | .N35 2001eb |
| 082 04 - DEWEY DECIMAL CLASSIFICATION NUMBER | |
| Classification number | 933 |
| Edition number | 21 |
| 100 1# - MAIN ENTRY--PERSONAL NAME | |
| Personal name | Nakhai, Beth Alpert, |
| Dates associated with a name | 1951- |
| 245 10 - TITLE STATEMENT | |
| Title | Archaeology and the religions of Canaan and Israel |
| Medium | [electronic resource] / |
| Statement of responsibility, etc | by Beth Alpert Nakhai. |
| 260 ## - PUBLICATION, DISTRIBUTION, ETC. (IMPRINT) | |
| Place of publication, distribution, etc | Boston, MA : |
| Name of publisher, distributor, etc | American Schools of Oriental Research, |
| Date of publication, distribution, etc | c2001. |
| 300 ## - PHYSICAL DESCRIPTION | |
| Extent | xii, 262 p. : |
| Other physical details | maps. |
| 490 1# - SERIES STATEMENT | |
| Series statement | ASOR books ; |
| Volume number/sequential designation | v. 7 |
| 504 ## - BIBLIOGRAPHY, ETC. NOTE | |
| Bibliography, etc | Includes bibliographical references (205-251 p.) and index. |
| 533 ## - REPRODUCTION NOTE | |
| Type of reproduction | Electronic reproduction. |
| Place of reproduction | Palo Alto, Calif. : |
| Agency responsible for reproduction | ebrary, |
| Date of reproduction | 2013. |
| Note about reproduction | Available via World Wide Web. |
| -- | Access may be limited to ebrary affiliated libraries. |
| 630 00 - SUBJECT ADDED ENTRY--UNIFORM TITLE | |
| Uniform title | Bible. |
| Name of part/section of a work | O.T. |
| General subdivision | Social scientific criticism. |
| 650 #0 - SUBJECT ADDED ENTRY--TOPICAL TERM | |
| Topical term or geographic name as entry element | Temples |
| Geographic subdivision | Palestine. |
| Topical term or geographic name as entry element | Excavations (Archaeology) |
| Geographic subdivision | Palestine. |
| Topical term or geographic name as entry element | Sacrifice |
| General subdivision | Biblical teaching. |
| Topical term or geographic name as entry element | Canaanites |
| General subdivision | Religion. |
| Topical term or geographic name as entry element | Bronze age |
| Geographic subdivision | Palestine. |
| 651 #0 - SUBJECT ADDED ENTRY--GEOGRAPHIC NAME | |
| Geographic name | Palestine |
| General subdivision | Antiquities. |
| 655 #7 - INDEX TERM--GENRE/FORM | |
| Genre/form data or focus term | Electronic books. |
| Source of term | local |
| 710 2# - ADDED ENTRY--CORPORATE NAME | |
| Corporate name or jurisdiction name as entry element | ebrary, Inc. |
| 830 #0 - SERIES ADDED ENTRY--UNIFORM TITLE | |
| Uniform title | ASOR books ; |
| Volume number/sequential designation | v. 7. |
| 856 40 - ELECTRONIC LOCATION AND ACCESS | |
| Uniform Resource Identifier | <a href="http://site.ebrary.com/lib/rucke/Doc?id=10022945">http://site.ebrary.com/lib/rucke/Doc?id=10022945</a> |
| Public note | An electronic book accessible through the World Wide Web; click to view |
No items available.
